000 00681nam a2200277 a 4500
003 AR-BaBNM
005 20251128203224.0
008 082120s2002 ||||||||||||||000 | spa||
040 _cAR-BaBNM
100 1 _aVidal Molina, Enrique
245 0 0 _aLa patria
250 _a3ª ed.
260 _aBuenos Aires
_bBanco de Boston
_c1979
300 _a134 p.
650 4 _aLITERATURA ARGENTINA
650 4 _aHISTORIA ARGENTINA
650 4 _aPOESIA
650 4 _aESCRITORES
650 4 _aCOSTUMBRES Y TRADICIONES
650 4 _aNACIONALISMO
653 _aMODERNISMO
655 _aLITERATURA
700 1 _aFunes, Víctor Luis
_eprologuista
942 _cBK
998 _cMARTIN
999 _c2461
_d2461